| 000 -LEADER |
| fixed length control field |
00578cam a2200193 i 4500 |
| 020 ## - INTERNATIONAL STANDARD BOOK NUMBER |
| ISBN |
9789251075951 |
| 020 ## - INTERNATIONAL STANDARD BOOK NUMBER |
| ISBN |
9251075956 |
| 040 ## - CATALOGING SOURCE |
| Transcribing agency |
NLM |
| 082 04 - DEWEY DECIMAL CLASSIFICATION NUMBER |
| Classification number |
641 FAO 2013 C146 Or. |
| 100 1# - MAIN ENTRY--AUTHOR NAME |
| Personal name |
Huis, Arnold van, |
| 245 10 - TITLE STATEMENT |
| Title |
Edible insects : |
| Remainder of title |
future prospects for food and feed security / |
| 300 ## - PHYSICAL DESCRIPTION |
| Number of Pages |
xvi, 187 pages : |
| Other physical details |
illustrations (some color) ; |
| Dimensions |
30 cm. |
| 490 1# - SERIES STATEMENT |
| Series statement |
FAO forestry paper, |
| 650 #0 - SUBJECT ADDED ENTRY--TOPICAL TERM |
| Topical Term |
Edible insects. |
| 650 #0 - SUBJECT ADDED ENTRY--TOPICAL TERM |
| Topical Term |
Entomophagy. |
| 650 #0 - SUBJECT ADDED ENTRY--TOPICAL TERM |
| Topical Term |
Food security. |
| 710 2# - ADDED ENTRY--CORPORATE NAME |
| Corporate name or jurisdiction name as entry element |
Food and Agriculture Organization of the United Nations, |
| 942 ## - ADDED ENTRY ELEMENTS (KOHA) |
| Koha item type |
ADB |
| 952 ## - LOCATION AND ITEM INFORMATION (KOHA) |
| Withdrawn status [LOCAL, KOHA] |
0 |